[Event "XIV American Continental-ch 2019"]
[Site "Sao Paulo"]
[Date "2019.07.11"]
[Round "9.19"]
[White "Brito, Luismar"]
[Black "Hungaski, Robert"]
[Result "0-1"]
[WhiteElo "2298"]
[BlackElo "2488"]
[Annotator "TA"]
[PlyCount "78"]
[EventDate "2019.07.05"]
[EventType "swiss"]
[EventCountry "BRA"]
[SourceTitle "playchess.com"]
[Source "ChessBase"]
[SourceQuality "1"]

{[%evp 13,78,-12,-6,-9,0,-12,-6,-12,-16,-23,0,0,0,0,0,0,0,-35,-29,-16,-21,-25,-4,-141,-123,-131,-136,-175,-134,-145,-133,-172,-189,-185,-192,-182,-180,-230,-216,-225,-222,-238,-211,-462,-472,-460,-452,-454,-468,-452,-438,-725,-714,-651,-683,-743,-629,-1200,-1164,-1043,-743,-743,-743,-736,-729,-712,-707]} 1. Nc3 d5 2. e4 c6 3. Nf3 Bg4 4. h3 Bxf3 5. Qxf3 e6 6. exd5 cxd5 7. Bb5+ Nc6 {[%cal Bb8c6,Bc6e5,Be5c4,Bc4b2][%mdl 32]} 8. O-O {B11: Caro-Kann: Two Knights Variation} Nf6 9. Re1 Be7 10. Ne2 {The position is equal.} O-O 11. c3 Ne5 12. Qe3 Qc7 $146 ({Predecessor:} 12... Bd6 13. d4 Ng6 14. Bd3 a6 {0-1 (34) Ballesteros Lopez,W-Cuartas,J (2356) Medellin 2001}) 13. d4 Nc4 14. Qd3 Rfc8 15. Ba4 Rab8 16. Bc2 b5 17. a3 a5 18. Nf4 {[#]} (18. b3 $11 {remains equal.} Nd6 19. Bf4) 18... Nxb2 $1 $17 {[%mdl 576] Discovered Attack, Deflection} 19. Bxb2 {Black must now prevent Nh5.} Qxf4 20. Re3 Bd6 {Threatens to win with ...Qh2+.} 21. g3 Qh6 22. Kg2 Ne4 23. Qe2 f5 24. h4 Qg6 25. Qe1 b4 26. axb4 axb4 27. Ra6 {aiming for Bxe4.} Bf4 ({Resist} 27... bxc3 28. Bxc3 Bc7 29. Re2) 28. Bxe4 $2 (28. Rd3 {was called for.}) 28... fxe4 $19 {Black is clearly winning.} ({Less strong is} 28... dxe4 29. Re2 $19) 29. Re2 bxc3 30. Bxc3 Qg4 31. Bd2 Rb2 {Hoping for ...Qf3+.} (31... Bxd2 $2 32. Rxd2 Rc4 33. Qe2 $17) 32. Kh2 (32. Ra3 $142) 32... Qxh4+ 33. Kg1 Qg4 34. Kh2 Rcc2 35. Ra8+ Kf7 {[%cal Rf4d2]} 36. Ra7+ Kg6 {[%cal Rf4d2]} 37. gxf4 {[#]} Rxd2 $1 {[%mdl 576] Remove Defender, Decoy} 38. Rxd2 (38. Qxd2 Rxd2) 38... Qxf4+ {[%mdl 64] Double Attack} 39. Kh1 Qh6+ {Accuracy: White = 35%, Black = 86%.} (39... Qxd2 $2 {is the wrong capture.} 40. Qg1+ Qg5 {[#]} 41. Rxg7+ $1 {[%mdl 576] Deflection} Kxg7 42. Qxg5+ Kf7 43. Kg2 $18) 0-1

[Event "XIV American Continental-ch 2019"]
[Site "Sao Paulo"]
[Date "2019.07.11"]
[Round "9.20"]
[White "Martins, Carlos"]
[Black "Molina, Roberto Junio Brito"]
[Result "0-1"]
[WhiteElo "2238"]
[BlackElo "2464"]
[Annotator "RC"]
[PlyCount "74"]
[EventDate "2019.07.05"]
[EventType "swiss"]
[EventCountry "BRA"]
[SourceTitle "playchess.com"]
[Source "ChessBase"]
[SourceQuality "1"]
[TimeControl "40/5400+30:1800+30"]

1. e4 {[%emt 0:00:27]} e6 {[%emt 0:00:00]} 2. d4 {[%emt 0:07:55]} d5 {[%emt 0:00:34]} 3. e5 {[%emt 0:01:26]} c5 {[%emt 0:00:04]} 4. c3 {[%emt 0:00:03]} Nc6 {[%emt 0:00:02]} 5. Nf3 {[%emt 0:00:13]} Qb6 {[%emt 0:00:03]} 6. Bd3 {[%emt 0:03:44]} cxd4 {[%emt 0:00:07]} 7. cxd4 {[%emt 0:00:04]} Bd7 {[%emt 0:00:07]} 8. O-O {[%emt 0:00:09]} Nxd4 {[%emt 0:00:07]} 9. Nxd4 {[%emt 0:02:07]} Qxd4 {[%emt 0:07:26]} 10. Nc3 {[%emt 0:00:07]} a6 {[%emt 0:00:03]} 11. Qe2 {[%emt 0:00:07]} Ne7 {[%emt 0:01:10]} 12. Kh1 {[%emt 0:00:06]} Nc6 {[%emt 0:00:09]} 13. f4 {[%emt 0:00:07]} Nb4 {[%emt 0:03:55]} 14. Rd1 {[%emt 0:00:05]} Nxd3 {[%emt 0:00:21]} 15. Rxd3 {[%emt 0:00:11]} Qb6 {[%emt 0:00:34]} 16. f5 d4 {[%emt 0:12:51]} 17. fxe6 {[%emt 0:23:04]} Bxe6 {[%emt 0:00:16]} 18. Ne4 {[%emt 0:01:11]} O-O-O {[%emt 0:03:33]} 19. Bf4 {[%emt 0:04:47]} Kb8 {[%emt 0:00:40]} 20. b3 {[%emt 0:05:23]} Ka8 {[%emt 0:02:07]} 21. Rad1 {[%emt 0:11:18]} Bf5 {[%emt 0:03:01]} 22. Nd6 {[%emt 0:09:01]} Bxd6 {[%emt 0:07:06]} 23. exd6 {[%emt 0:00:22]} Rhe8 {[%emt 0:00:13]} 24. Qd2 {[%emt 0:00:18]} Bxd3 {[%emt 0:00:13]} 25. Qxd3 {[%emt 0:00:02]} h6 {[%emt 0:02:29]} 26. h3 {[%emt 0:00:24]} Rxd6 {[%emt 0:00:27]} 27. Qc4 {[%emt 0:00:52]} Rd7 {[%emt 0:00:37]} 28. Bg3 {[%emt 0:03:32]} Qb5 {[%emt 0:00:23]} 29. Qc1 {[%emt 0:00:49]} g5 {[%emt 0:01:28]} 30. Bf2 {[%emt 0:02:02]} d3 {[%emt 0:02:20]} 31. Qc3 {[%emt 0:02:43]} Qc6 {[%emt 0:04:41]} 32. Rxd3 {[%emt 0:02:05]} Qxc3 {[%emt 0:01:09]} 33. Rxc3 {[%emt 0:00:02]} b5 {[%emt 0:00:19]} 34. a4 {[%emt 0:00:32]} Re2 {[%emt 0:00:39]} 35. Rf3 {[%emt 0:15:25]} Rd1+ {[%emt 0:02:52]} 36. Kh2 {[%emt 0:00:17]} Rf1 {[%emt 0:00:56]} 37. Kg3 {[%emt 0:00:18]} h5 {[%emt 0:00:31]} 0-1

[Event "XIV American Continental-ch 2019"]
[Site "Sao Paulo"]
[Date "2019.07.11"]
[Round "9.21"]
[White "Garcia Cardenas, Pablo"]
[Black "Filgueiras, Nathan Felipe"]
[Result "1-0"]
[WhiteElo "2443"]
[BlackElo "2259"]
[Annotator "TA"]
[PlyCount "53"]
[EventDate "2019.07.05"]
[EventType "swiss"]
[EventCountry "BRA"]
[SourceTitle "playchess.com"]
[Source "ChessBase"]
[SourceQuality "1"]

{[%evp 16,81,19,18,18,19,39,8,44,31,42,27,42,18,33,0,0,0,14,18,20,-75,13,18,35,0,52,35,29,19,62,46,46,34,604,619,594,511,591,591,710,709,708,683,702,0,255,0,669,665,716,698,29983,29984,29994,564,557,0,29994,29995,29995,29996,29996,29997,29997,29998,29998,29999]} 1. d4 Nf6 2. c4 e6 3. Nf3 b6 4. a3 Bb7 5. Nc3 d5 6. cxd5 Nxd5 7. Qc2 c5 8. e4 Nxc3 9. bxc3 Qc7 {E12: Queen's Indian: Unusual White 4th moves, 4 a3, 4 Nc3 Bb7 5 a3 and 4 Nc3 Bb7} (9... Nd7 10. Bd3 Qc7 11. Bb2 cxd4 12. cxd4 Qxc2 13. Bxc2 Rc8 14. Bd3 Bd6 15. Ke2 Ke7 16. a4 Bb4 17. Rhb1 Rhd8 18. Bc1 a5 19. Bg5+ f6 20. Bd2 Bxd2 21. Nxd2 Rc3 22. Rc1 {½-½ (22) Mamedyarov,S (2800)-Eljanov,P (2739) Geneva 2017}) 10. Bb5+ Bc6 11. Bd3 Nd7 {The position is equal.} 12. O-O Be7 13. Re1 Bb7 14. Qe2 Rc8 15. Bb2 O-O 16. Rad1 c4 $146 ({Predecessor:} 16... Rfd8 17. d5 c4 18. Bc2 {1-0 (37) Vokac,M (2475)-Rehorek,M (2335) Ceske Budejovice 1995}) 17. Bc2 b5 18. d5 (18. Rb1 $11) 18... Nc5 (18... exd5 $17 19. exd5 Bc5) 19. Nd4 $11 a6 20. Qg4 (20. a4 $5) 20... Qb6 (20... exd5 $11 21. exd5 g6) 21. Bc1 (21. a4 $5) 21... Rfe8 22. dxe6 fxe6 23. e5 {Qh5 is the strong threat.} Bf8 $1 24. Re3 $40 {[%mdl 128] aiming for Rh3. Black needs to defend precisely.} Rc7 $2 {[%mdl 8192] [#]} (24... Qc7 $14) 25. Bxh7+ $1 $18 {[%mdl 512]} Kxh7 26. Rh3+ Kg8 27. Qh5 {Played: Qg4-g6} 1-0

[Event "XIV American Continental-ch 2019"]
[Site "Sao Paulo"]
[Date "2019.07.11"]
[Round "9.22"]
[White "Gauche, Charles"]
[Black "Bittencourt, Jorge"]
[Result "0-1"]
[WhiteElo "2200"]
[BlackElo "2433"]
[Annotator "TA"]
[PlyCount "76"]
[EventDate "2019.07.05"]
[EventType "swiss"]
[EventCountry "BRA"]
[SourceTitle "playchess.com"]
[Source "ChessBase"]
[SourceQuality "1"]

{[%evp 17,76,26,22,22,36,27,56,2,51,10,22,18,27,0,0,-24,-40,-31,14,-33,-10,-100,-100,-95,-38,-42,-41,-67,-70,-69,-68,-59,-66,-133,-100,-255,-241,-509,-227,-231,-117,-230,-237,-235,-234,-236,-237,-233,-224,-246,-239,-317,-296,-340,-340,-327,-310,-597,-583,-1010,-995]} 1. e4 e5 2. Nf3 Nc6 3. Bb5 a6 4. Ba4 Nf6 5. d3 d6 6. c3 g6 7. O-O Bg7 8. Nbd2 O-O 9. Re1 b5 10. Bc2 {C77: Ruy Lopez: 3...a6 4 Ba4 Nf6, unusual lines} d5 (10... Bb7 11. Nf1 Nb8 12. d4 Nbd7 13. Ng3 Re8 14. a4 c6 15. Be3 Qc7 16. h3 exd4 17. cxd4 c5 {0-1 (65) McShane,L (2640)-Howell,D (2676) London 2017}) 11. a4 {Hoping for axb5.} Rb8 12. Nf1 (12. axb5 $14 axb5 13. Bb3) 12... Re8 13. Bg5 $146 ({Predecessor:} 13. Ng3 d4 14. cxd4 Nxd4 15. Nxd4 Qxd4 16. Be3 Qxb2 17. Qd2 bxa4 18. Reb1 a3 19. Rxb2 axb2 20. Rb1 Bf8 21. Ba4 {1-0 (21) Chandika,D (2160)-Babu,N (2296) Chennai 2012}) 13... d4 14. axb5 axb5 15. Qc1 Bg4 16. Nh4 Qd6 17. h3 Bd7 18. Ra6 Ra8 19. Qa1 (19. Rxa8 $11 {keeps the balance.} Rxa8 20. Nf3) 19... Rxa6 $17 20. Qxa6 dxc3 (20... Nh5 $17 21. Nf3 dxc3 22. bxc3 Nd4 23. Qxd6 Nxf3+ 24. gxf3 cxd6) 21. bxc3 $15 b4 22. Bd2 bxc3 23. Bxc3 Qc5 $36 {[%mdl 2048] Black has the initiative.} 24. Qa1 Nh5 25. Ne3 (25. Bb3 $15) 25... Nf4 26. Bb1 $2 (26. Nd5 $17 Nxd5 27. exd5 Qxd5 28. Nf3) 26... Nd4 $19 27. Nd1 $2 (27. Kh1) 27... Nfe2+ (27... Bf6 $142 28. Nf3 Nxf3+ 29. gxf3 Bh4) 28. Kf1 Qe7 {[#]} (28... Nxc3 $19 29. Qxc3 Qxc3 30. Nxc3 Bf6) 29. Nf3 (29. Nxg6 $1 $17 {[%mdl 512]} hxg6 (29... fxg6 30. Rxe2) 30. Rxe2) 29... Nxc3 30. Qxc3 Nxf3 31. gxf3 Bxh3+ 32. Ke2 Be6 33. Ne3 Rb8 34. Rc1 h5 35. Bc2 h4 36. Ba4 Qg5 37. Qa1 $2 (37. Qxc7 Rb2+ 38. Rc2 Rxc2+ 39. Qxc2) 37... Ra8 38. Rg1 {[#]} Rxa4 $1 {[%mdl 512] Accuracy: White = 16%, Black = 55%.} 0-1

[Event "XIV American Continental-ch 2019"]
[Site "Sao Paulo"]
[Date "2019.07.11"]
[Round "9.23"]
[White "Proudian, Armen"]
[Black "Donoso Diaz, Sebastian"]
[Result "0-1"]
[WhiteElo "2429"]
[BlackElo "2239"]
[Annotator "TA"]
[PlyCount "80"]
[EventDate "2019.07.05"]
[EventType "swiss"]
[EventCountry "BRA"]
[SourceTitle "playchess.com"]
[Source "ChessBase"]
[SourceQuality "1"]

{[%evp 18,102,11,11,8,0,0,0,0,5,6,-25,-20,-21,-21,-35,-25,-150,-145,-153,-156,-609,-606,-561,-567,-610,-595,-606,-606,-617,-618,-608,-595,-641,-614,-781,-783,-791,-669,-684,-679,-756,-754,-883,-675,-683,-689,-29956,-29961,-5444,-5281,-29968,-29971,-5097,-908,-886,-885,-826,-814,-962,-952,-785,-772,-912,-710,-1326,-1325,-1079,-999,-29977,-29973,-29980,-29981,-29979,-29977,-29977,-29978,-29979,-29963,-29980,-29981,-29981,-29982,-29987,-29982,-29983,-29984]} 1. e4 c5 2. Nf3 e6 3. d4 cxd4 4. Nxd4 Nc6 5. c4 Nf6 6. Nc3 Bb4 7. Nxc6 bxc6 8. Bd3 e5 9. O-O O-O 10. Be3 d6 {B44: Sicilian: Taimanov: 5 Nb5} (10... d5 11. exd5 Bxc3 12. bxc3 cxd5 13. Bg5 dxc4 14. Bxc4 Qc7 15. Bxf6 Qxc4 16. Bxe5 Bf5 17. Bd4 Rfe8 18. Qc1 {½-½ (31) Nakamura,H (2781)-So,W (2788) London 2017}) 11. Na4 Ng4 12. Bc1 Qh4 {[%csl Gg4][%cal Rh4h2] The position is equal.} 13. h3 Nf6 14. Qc2 $146 ({Predecessor:} 14. a3 Ba5 15. b4 Bc7 16. Qf3 d5 17. Nc3 dxc4 18. Bxc4 {1-0 (39) Roganovic,M (2484)-Todorovic,G (2458) Kragujevac 2016}) 14... d5 $40 {[%mdl 128] Black is up to no good.} 15. a3 Bd6 16. cxd5 cxd5 17. Nc3 {[#]} (17. b4 $1 $11) 17... Bxh3 $1 $17 {[%mdl 512]} 18. gxh3 Qxh3 {aiming for ...Ng4.} 19. f3 $2 (19. Be2 $17 Ng4 20. Bxg4 Qxg4+ 21. Kh2) 19... Bc5+ $19 20. Rf2 Qxf3 {[%mdl 64] White must now prevent ...Ng4. Pin} 21. Nxd5 Qg3+ {[%mdl 64] Pin} ({Weaker is} 21... Bxf2+ 22. Qxf2 Qxd3 23. Nxf6+ gxf6 24. Bh6 $17) 22. Kf1 Bxf2 23. Nxf6+ gxf6 24. Qxf2 Qxd3+ {[%mdl 64] Double Attack} 25. Kg1 {If White can now play Bh6 this consolidates a bit.} Qxe4 26. Kh2 Qg6 27. Be3 Qh5+ 28. Kg2 f5 {Hoping for ...Kh8.} 29. Rh1 Qg4+ 30. Kf1 Kh8 {And now ...Qd1+ would win.} 31. Rh4 Qd1+ 32. Kg2 Rg8+ 33. Kh2 Rg7 34. Qxf5 Rag8 35. Qf6 Qc2+ 36. Bf2 Qg6 37. Qxg6 Rxg6 38. Bxa7 {[%mdl 4096] Endgame KRR-KRB} Rg2+ 39. Kh1 Rxb2 40. a4 f5 {Played: Rb2-a2} 0-1

[Event "XIV American Continental-ch 2019"]
[Site "Sao Paulo"]
[Date "2019.07.11"]
[Round "9.24"]
[White "Luz, Arthur Nader"]
[Black "Languidey, Simon Alejandro"]
[Result "0-1"]
[WhiteElo "2114"]
[BlackElo "2427"]
[Annotator "TA"]
[PlyCount "74"]
[EventDate "2019.07.05"]
[EventType "swiss"]
[EventCountry "BRA"]
[SourceTitle "playchess.com"]
[Source "ChessBase"]
[SourceQuality "1"]

{[%evp 9,74,35,64,60,80,85,97,101,100,64,59,66,73,66,70,43,38,51,57,20,120,95,169,172,176,105,191,142,133,119,132,52,214,163,144,146,301,184,166,51,45,70,61,60,71,44,53,12,18,14,44,0,4,0,0,-14,0,-2,-10,-2,0,-758,-764,-741,-730,-715,-708]} 1. e4 e6 2. d3 d5 3. Nd2 Bc5 4. Ngf3 (4. Qg4 Qf6 5. Ngf3 Nc6 6. c3 Nh6 7. Qh5 Qg6 8. Qh4 Ng4 9. d4 Be7 10. Qg3 dxe4 11. h3 Nxf2 12. Qxf2 exf3 13. Nxf3 {0-1 (57) Majella,Y (2276)-Phyo,C (2332) Nay Pyi Taw 2013}) 4... Nc6 5. c3 a5 6. d4 {C00: French: Unusual White 2nd moves} dxe4 7. Nxe4 Be7 8. Bd3 $146 {White is better.} ({Predecessor:} 8. Bf4 Nf6 9. Bd3 O-O 10. Qc2 Nxe4 11. Bxe4 g6 {1-0 (33) Taboada,F-Gonzalez Suarez,A Matanzas 2007}) 8... Nf6 9. Ng3 O-O 10. O-O b6 11. Qe2 Bb7 12. Bd2 Nb8 13. Rad1 Nbd7 14. Rfe1 Bd6 (14... c5 $11 {keeps the balance.}) 15. Ne5 $16 Nd5 (15... a4 $16) 16. c4 $1 $18 {[%cal Rc4d5]} N5f6 {[#]} 17. a3 (17. Bg5 $1 $18 Be7 18. a3) 17... h6 (17... c5 $16) 18. Bc3 Re8 19. Bb1 Qc8 20. Nh5 (20. c5 $16 Bxe5 21. dxe5) 20... Qd8 $2 (20... Nxh5 $14 21. Qxh5 Nxe5 22. dxe5 Bf8) 21. c5 Bxe5 22. dxe5 Nd5 $2 (22... Nxh5 $16 {was called for.} 23. Qxh5 Qe7) 23. Qc2 {Strongly threatening Qh7+.} Nf8 24. Bd2 (24. Rd4 $18 Qg5 25. Ng3) 24... Qh4 $1 $14 {[%cal Rh4h5]} 25. Ng3 Ne7 26. Be3 {Black must now prevent Rd4.} bxc5 27. Bxc5 {Threatens to win with Rd4.} (27. Qxc5 {looks sharper.} Qa4 28. Qxc7 Bc6 29. Qd6 Nd5 30. Qc5) 27... Rad8 28. Bxe7 Qxe7 29. Rc1 Rd7 30. Ne4 Bxe4 31. Qxe4 Rb8 32. Re2 Qd8 33. Qc2 Rb5 34. g3 Rdd5 35. f4 $2 {[%mdl 8192] [#]} (35. Rce1 $11) 35... Rbc5 $1 $19 {[%mdl 576] Decoy. Black is clearly winning.} 36. Qxc5 Rxc5 37. Rxc5 Qd4+ {Accuracy: White = 53%, Black = 47%.} 0-1

[Event "XIV American Continental-ch 2019"]
[Site "Sao Paulo"]
[Date "2019.07.12"]
[Round "10.1"]
[White "Delgado Ramirez, Neuris"]
[Black "Iturrizaga Bonelli, Eduardo"]
[Result "1/2-1/2"]
[WhiteElo "2605"]
[BlackElo "2625"]
[Annotator "ChessBase"]
[PlyCount "24"]
[EventDate "2019.07.05"]
[EventType "swiss"]
[EventCountry "BRA"]
[SourceTitle "playchess.com"]
[Source "ChessBase"]
[SourceQuality "1"]
[TimeControl "40/5400+30:1800+30"]

1. e4 {[%emt 0:05:05]} c5 {[%emt 0:00:00]} 2. Nf3 {[%emt 0:00:09]} e6 3. d4 {[%emt 0:00:20]} cxd4 {[%emt 0:00:00]} 4. Nxd4 {[%emt 0:00:03]} Nf6 {[%emt 0:00:00]} 5. Nc3 {[%emt 0:00:45]} d6 {[%emt 0:00:00]} 6. f4 {[%emt 0:00:55]} a6 {[%emt 0:02:11]} 7. Bd3 {[%emt 0:00:16]} g6 {[%emt 0:04:59]} 8. Qe2 {[%emt 0:07:25]} Bg7 {[%emt 0:00:26]} 9. Nf3 {[%emt 0:00:11]} Nc6 {[%emt 0:01:53]} 10. e5 {[%emt 0:05:18]} dxe5 {[%emt 0:00:51]} 11. fxe5 {[%emt 0:00:02]} Nd7 {[%emt 0:00:47]} 12. Bf4 {[%emt 0:01:08]} Qa5 {[%emt 0:01:02]} 1/2-1/2

[Event "XIV American Continental-ch 2019"]
[Site "Sao Paulo"]
[Date "2019.07.12"]
[Round "10.2"]
[White "Gonzalez Vidal, Yuri"]
[Black "Pichot, Alan"]
[Result "1-0"]
[WhiteElo "2547"]
[BlackElo "2579"]
[Annotator "ChessBase"]
[PlyCount "57"]
[EventDate "2019.07.05"]
[EventType "swiss"]
[EventCountry "BRA"]
[SourceTitle "playchess.com"]
[Source "ChessBase"]
[SourceQuality "1"]
[TimeControl "40/5400+30:1800+30"]

1. e4 {[%emt 0:00:00]} c5 {[%emt 0:00:00]} 2. Nf3 {[%emt 0:00:00]} Nc6 {[%emt 0:00:00]} 3. Bb5 {[%emt 0:00:03]} e6 {[%emt 0:00:00]} 4. O-O {[%emt 0:00:33]} Nge7 {[%emt 0:00:00]} 5. d4 {[%emt 0:00:25]} cxd4 {[%emt 0:00:01]} 6. Nxd4 {[%emt 0:00:08]} Qb6 {[%emt 0:03:23]} 7. Nxc6 {[%emt 0:00:40]} bxc6 {[%emt 0:04:24]} 8. Bd3 {[%emt 0:06:54]} Ng6 {[%emt 0:00:05]} 9. c4 {[%emt 0:00:10]} Bc5 {[%emt 0:02:21]} 10. Nc3 {[%emt 0:00:25]} Qb8 {[%emt 0:06:16]} 11. Na4 {[%emt 0:05:01]} Bd4 {[%emt 0:00:55]} 12. c5 {[%emt 0:01:45]} d6 {[%emt 0:01:31]} 13. Kh1 {[%emt 0:14:11]} e5 {[%emt 0:04:14]} 14. Be3 {[%emt 0:09:58]} dxc5 {[%emt 0:14:22]} 15. Nxc5 {[%emt 0:00:36]} Qxb2 {[%emt 0:05:00]} 16. Qa4 {[%emt 0:00:53]} Qb6 {[%emt 0:03:55]} 17. Bxd4 {[%emt 0:03:38]} exd4 {[%emt 0:00:05]} 18. Qxd4 {[%emt 0:01:04]} O-O {[%emt 0:00:05]} 19. f4 {[%emt 0:00:39]} Rd8 {[%emt 0:02:33]} 20. Qc3 {[%emt 0:01:58]} Rb8 {[%emt 0:00:14]} 21. f5 {[%emt 0:02:49]} Nf8 {[%emt 0:00:15]} 22. Rab1 {[%emt 0:07:41]} Qc7 {[%emt 0:00:05]} 23. Rxb8 {[%emt 0:06:15]} Qxb8 {[%emt 0:00:07]} 24. Bc4 {[%emt 0:05:51]} Qd6 {[%emt 0:01:08]} 25. e5 {[%emt 0:01:46]} Qe7 {[%emt 0:04:10]} 26. h3 {[%emt 0:11:21]} Re8 {[%emt 0:12:53]} 27. e6 {[%emt 0:05:11]} f6 {[%emt 0:01:05]} 28. Qd4 {[%emt 0:00:51]} h6 {[%emt 0:01:02]} 29. Rd1 {[%emt 0:00:52]} 1-0

[Event "XIV American Continental-ch 2019"]
[Site "Sao Paulo"]
[Date "2019.07.12"]
[Round "10.3"]
[White "Garcia Pantoja, Roberto"]
[Black "Perez Ponsa, Federico"]
[Result "1/2-1/2"]
[WhiteElo "2529"]
[BlackElo "2560"]
[Annotator "ChessBase"]
[PlyCount "30"]
[EventDate "2019.07.05"]
[EventType "swiss"]
[EventCountry "BRA"]
[SourceTitle "playchess.com"]
[Source "ChessBase"]
[SourceQuality "1"]
[TimeControl "40/5400+30:1800+30"]

1. e4 {[%emt 0:00:00]} c5 {[%emt 0:00:00]} 2. Nf3 {[%emt 0:00:00]} d6 {[%emt 0:00:00]} 3. d4 {[%emt 0:00:33]} cxd4 {[%emt 0:00:00]} 4. Nxd4 {[%emt 0:00:02]} Nf6 {[%emt 0:00:00]} 5. Nc3 {[%emt 0:00:03]} a6 {[%emt 0:00:01]} 6. f3 {[%emt 0:01:01]} e5 {[%emt 0:00:13]} 7. Nb3 {[%emt 0:00:04]} Be6 {[%emt 0:00:04]} 8. Be3 {[%emt 0:00:08]} h5 {[%emt 0:00:42]} 9. Qd2 {[%emt 0:01:26]} Nbd7 {[%emt 0:00:13]} 10. O-O-O {[%emt 0:00:24]} Be7 {[%emt 0:01:44]} 11. h4 {[%emt 0:03:55]} b5 {[%emt 0:05:43]} 12. Bg5 {[%emt 0:04:06]} Rc8 {[%emt 0:09:45]} 13. Kb1 {[%emt 0:00:09]} O-O {[%emt 0:02:39]} 14. a3 {[%emt 0:00:02]} Re8 {[%emt 0:03:30]} 15. Be2 {[%emt 0:08:54]} Qb6 {[%emt 0:05:25]} 1/2-1/2

[Event "XIV American Continental-ch 2019"]
[Site "Sao Paulo"]
[Date "2019.07.12"]
[Round "10.4"]
[White "Salinas Herrera, Pablo"]
[Black "Duran Vega, Sergio"]
[Result "0-1"]
[WhiteElo "2498"]
[BlackElo "2364"]
[Annotator "TA"]
[PlyCount "112"]
[EventDate "2019.07.05"]
[EventType "swiss"]
[EventCountry "BRA"]
[SourceTitle "playchess.com"]
[Source "ChessBase"]
[SourceQuality "1"]

{[%evp 11,112,13,16,21,15,14,17,22,50,25,26,-8,-3,-17,6,0,38,33,41,47,45,50,41,31,30,30,37,15,24,15,30,9,14,0,22,-12,0,0,0,0,15,0,37,30,93,102,134,132,181,172,168,183,170,124,131,125,131,131,160,0,0,0,0,0,152,98,551,-8,-8,-22,-9,-27,0,-143,-143,-302,-398,-391,-191,-193,-189,-1207,-779,-6095,-6187,-6156,-6183,-6747,-6127,-6187,-6395,-6288,-6320,-6288,-6287,-6087,-6083,-5165,-515,-29990,-29991,-29994,-29995]} 1. d4 Nf6 2. c4 e6 3. Nc3 Bb4 4. Nf3 O-O 5. Bg5 h6 6. Bh4 c5 7. Rc1 {E21: Nimzo-Indian: 4 Nf3} cxd4 8. Nxd4 Nc6 9. e3 {The position is equal.} b6 10. Nxc6 $146 ({Predecessor:} 10. Ndb5 a6 11. Nd6 Qe7 12. Nde4 g5 13. Nxf6+ Qxf6 14. Bg3 d5 {1-0 (34) Aronian,L (2792)-Caruana,F (2804) Leuven 2016}) 10... dxc6 11. Qa4 c5 12. f3 Bd7 (12... e5 {seems wilder.} 13. Be2 Bb7 14. Qc2 Bxc3+ 15. Qxc3 Ne4) 13. Qb3 a5 14. a3 a4 15. Qc2 Bxc3+ 16. Qxc3 Qe7 17. Bd3 Bc6 18. O-O e5 19. Bb1 Qe6 20. Rcd1 Rad8 21. Qc2 e4 22. f4 Qg4 23. Bf2 Rd3 24. h3 Qg6 25. Qe2 Rfd8 26. Bh4 $36 {[%mdl 2048] White fights for an advantage.} Rxd1 (26... Qf5 {feels hotter.} 27. g4 Qd7 28. Bc2 Qd6 29. Kh2 Rd7) 27. Rxd1 Rxd1+ (27... Rd7 $1 $11) 28. Qxd1 $16 Nd7 29. Bc2 f5 30. Bxa4 Bxa4 31. Qxa4 Qd6 32. Qc2 Nb8 33. Be1 Nc6 34. Bc3 g5 35. Qe2 $2 (35. fxg5 $16 hxg5 36. Qe2) 35... gxf4 $11 36. Qh5 {Qe8+ would kill now.} Qe6 37. exf4 e3 $2 (37... Nd4 $11) 38. Qf3 (38. Qd1 $142 $1) 38... Nd4 $2 {[%mdl 8192]} (38... Kf7 $16) 39. Qg3+ $2 ({White has to play} 39. Bxd4 $1 $18 cxd4 40. Qd5) 39... Kf7 {And now ...Ne2+ would win.} 40. Kh2 e2 41. b3 Ke8 42. Be1 {[#]} (42. b4 $1 $11) 42... Nc2 $1 $17 43. Qc3 $2 (43. Bc3 $17) 43... Nxe1 $19 44. Qxe1 {[%mdl 4096] Endgame KQ-KQ} Qe3 (44... Kd7 $142 45. g3 Qe3) 45. g3 h5 {[%mdl 1024] aiming for ...h4. Black has strong compensation.} 46. h4 $2 (46. Kg2) 46... Kd7 47. a4 Qf3 48. Kg1 Kc8 49. Qf2 Qe4 50. Qe1 Qe3+ 51. Kg2 {[#]} Kb7 $1 {[%cal Rb7c8]} 52. Kh2 Qf3 53. Kg1 Ka6 54. Qf2 Qxb3 {( -> ...Qb1+)} 55. Kg2 (55. Qe1 $19 Qe3+ 56. Kh1) 55... Qd1 56. Qf3 e1=N+ {[%mdl 64] Double Attack, Discovered Attack. Accuracy: White = 41%, Black = 52%.} 0-1